ATM (Record no. 8112)
[ view plain ]
| 000 -LEADER | |
|---|---|
| fixed length control field | 00640 a2200193 4500 |
| 020 ## - INTERNATIONAL STANDARD BOOK NUMBER | |
| International Standard Book Number | 013297178X |
| 020 ## - INTERNATIONAL STANDARD BOOK NUMBER | |
| International Standard Book Number | 0137841825 |
| 040 ## - CATALOGING SOURCE | |
| Original cataloging agency | DLC |
| 082 00 - DEWEY DECIMAL CLASSIFICATION NUMBER | |
| Classification number | 621.382 |
| 100 1# - MAIN ENTRY--PERSONAL NAME | |
| Personal name | Black, Uyless D. |
| 245 10 - TITLE STATEMENT | |
| Title | ATM |
| Statement of responsibility, etc. | Uyless Black. |
| 260 ## - PUBLICATION, DISTRIBUTION, ETC. | |
| Place of publication, distribution, etc. | Englewood Cliffs, N.J. : |
| Name of publisher, distributor, etc. | Prentice Hall PTR, |
| Date of publication, distribution, etc. | c1995-<1998> |
| 300 ## - PHYSICAL DESCRIPTION | |
| Extent | v. <1, 3> : |
| Other physical details | ill. ; |
| Dimensions | 25 cm. |
| 440 #0 - SERIES STATEMENT/ADDED ENTRY--TITLE | |
| Title | Prentice Hall series in advanced communications technologies |
| 505 1# - FORMATTED CONTENTS NOTE | |
| Formatted contents note | v. 1. Foundation for broadband networks. --v. 3. Internetworking with ATM. |
| 650 #0 - SUBJECT ADDED ENTRY--TOPICAL TERM | |
| Topical term or geographic name entry element | Asynchronous transfer mode. |
| 650 #0 - SUBJECT ADDED ENTRY--TOPICAL TERM | |
| Topical term or geographic name entry element | Broadband communication systems. |
| 942 ## - ADDED ENTRY ELEMENTS (KOHA) | |
| Koha item type | Book |
| Call number prefix | 621.382 BLA |
| Source of classification or shelving scheme | |
| Withdrawn status | Lost status | Damaged status | Not for loan | Collection code | Permanent Location | Current Location | Shelving location | Date acquired | Total Checkouts | Full call number | Barcode | Date last seen | Price effective from | Koha item type |
|---|---|---|---|---|---|---|---|---|---|---|---|---|---|---|
| Central Library (CL) | Central Library (CL) | General Stacks | 05/27/2014 | 621.382 BLA | SEECSD00091 | 11/14/2012 | 01/05/2017 | Book |
